Province che confinano con la Città metropolitana di Catania - Statistics

Statistiche generali
  • Questo quiz è stato fatto 32 volte
  • Il punteggio medio è 5 su 5
Statistiche sulle risposte
Regione Provincia % Corretto
Sicilia Città metropolitana di Messina
100%
Sicilia Libero consorzio comunale di Enna
100%
Sicilia Libero consorzio comunale di Siracusa
96%
Sicilia Libero consorzio comunale di Caltanissetta
93%
Sicilia Libero consorzio comunale di Ragusa
93%
Nessun quiz corrispondente trovato
Distribuzione punteggi
Percentuale di utenti per punteggio
Percentile per numero di risposta
I tuoi punteggi nel tempo
Non hai fatto questo quiz